000 00635nam a22002053a 4500
005 20221118063616.0
008 011025s1999 mx fr 000 0 spa d
020 _a8449307732
035 _aUPN01000113536
049 _aCG
050 4 _aLB1525
_bP7.38
100 1 _aPressley, Michael
_929879
245 1 0 _aCómo enseñar a leer /
_cMichael Pressley ; tr. Daniel Menezo.
260 _aBuenos Aires :
_bPaidós,
_c1999.
300 _a317 p.
440 0 _aTemas de educación ;
_v51.
534 _pTraducción de :
_treading instructional... that works.
650 0 4 _aLectura
_xEstudio y enseñanza (Elemental)
_92805
905 _aLibro
999 _c87444
_d87444